<?xml version="1.0" encoding="UTF-8"?>
<record
    xmlns:xsi="http://www.w3.org/2001/XMLSchema-instance"
    xsi:schemaLocation="http://www.loc.gov/MARC21/slim http://www.loc.gov/standards/marcxml/schema/MARC21slim.xsd"
    xmlns="http://www.loc.gov/MARC21/slim">

  <leader>00152nas a22000617a 4500</leader>
  <controlfield tag="008">180507s9999    xx            000 0 und d</controlfield>
  <datafield tag="245" ind1=" " ind2=" ">
    <subfield code="a">Tribal Research Bulletin </subfield>
  </datafield>
  <datafield tag="999" ind1=" " ind2=" ">
    <subfield code="c">118037</subfield>
    <subfield code="d">118037</subfield>
  </datafield>
  <datafield tag="952" ind1=" " ind2=" ">
    <subfield code="0">0</subfield>
    <subfield code="1">0</subfield>
    <subfield code="4">0</subfield>
    <subfield code="7">0</subfield>
    <subfield code="a">IIPA</subfield>
    <subfield code="b">IIPA</subfield>
    <subfield code="d">2018-05-07</subfield>
    <subfield code="h">16-18; 1994-1996</subfield>
    <subfield code="p">P22028</subfield>
    <subfield code="r">2018-05-07</subfield>
    <subfield code="w">2018-05-07</subfield>
    <subfield code="y">BV</subfield>
  </datafield>
  <datafield tag="952" ind1=" " ind2=" ">
    <subfield code="0">0</subfield>
    <subfield code="1">0</subfield>
    <subfield code="4">0</subfield>
    <subfield code="7">0</subfield>
    <subfield code="a">IIPA</subfield>
    <subfield code="b">IIPA</subfield>
    <subfield code="d">2018-05-07</subfield>
    <subfield code="h">19-20; 1997-1998</subfield>
    <subfield code="p">P22029</subfield>
    <subfield code="r">2018-05-07</subfield>
    <subfield code="w">2018-05-07</subfield>
    <subfield code="y">BV</subfield>
  </datafield>
  <datafield tag="952" ind1=" " ind2=" ">
    <subfield code="0">0</subfield>
    <subfield code="1">0</subfield>
    <subfield code="4">0</subfield>
    <subfield code="7">0</subfield>
    <subfield code="a">IIPA</subfield>
    <subfield code="b">IIPA</subfield>
    <subfield code="d">2018-05-07</subfield>
    <subfield code="h">21; 1998</subfield>
    <subfield code="p">P22276</subfield>
    <subfield code="r">2018-05-07</subfield>
    <subfield code="w">2018-05-07</subfield>
    <subfield code="y">BV</subfield>
  </datafield>
  <datafield tag="952" ind1=" " ind2=" ">
    <subfield code="0">0</subfield>
    <subfield code="1">0</subfield>
    <subfield code="4">0</subfield>
    <subfield code="7">0</subfield>
    <subfield code="a">IIPA</subfield>
    <subfield code="b">IIPA</subfield>
    <subfield code="d">2018-05-07</subfield>
    <subfield code="h">24-25; 2001-2002</subfield>
    <subfield code="p">P24274</subfield>
    <subfield code="r">2018-05-07</subfield>
    <subfield code="w">2018-05-07</subfield>
    <subfield code="y">BV</subfield>
  </datafield>
  <datafield tag="952" ind1=" " ind2=" ">
    <subfield code="0">0</subfield>
    <subfield code="1">0</subfield>
    <subfield code="4">0</subfield>
    <subfield code="7">0</subfield>
    <subfield code="a">IIPA</subfield>
    <subfield code="b">IIPA</subfield>
    <subfield code="d">2018-05-07</subfield>
    <subfield code="h">22-24; 2000-2001</subfield>
    <subfield code="p">P24504</subfield>
    <subfield code="r">2018-05-07</subfield>
    <subfield code="w">2018-05-07</subfield>
    <subfield code="y">BV</subfield>
  </datafield>
  <datafield tag="952" ind1=" " ind2=" ">
    <subfield code="0">0</subfield>
    <subfield code="1">0</subfield>
    <subfield code="4">0</subfield>
    <subfield code="7">0</subfield>
    <subfield code="a">IIPA</subfield>
    <subfield code="b">IIPA</subfield>
    <subfield code="d">2018-05-07</subfield>
    <subfield code="h">26; 2003</subfield>
    <subfield code="p">P24976</subfield>
    <subfield code="r">2018-05-07</subfield>
    <subfield code="w">2018-05-07</subfield>
    <subfield code="y">BV</subfield>
  </datafield>
  <datafield tag="952" ind1=" " ind2=" ">
    <subfield code="0">0</subfield>
    <subfield code="1">0</subfield>
    <subfield code="4">0</subfield>
    <subfield code="7">0</subfield>
    <subfield code="a">IIPA</subfield>
    <subfield code="b">IIPA</subfield>
    <subfield code="d">2018-05-07</subfield>
    <subfield code="h">27; 2007</subfield>
    <subfield code="p">P25733</subfield>
    <subfield code="r">2018-05-07</subfield>
    <subfield code="w">2018-05-07</subfield>
    <subfield code="y">BV</subfield>
  </datafield>
  <datafield tag="952" ind1=" " ind2=" ">
    <subfield code="0">0</subfield>
    <subfield code="1">0</subfield>
    <subfield code="4">0</subfield>
    <subfield code="7">0</subfield>
    <subfield code="a">IIPA</subfield>
    <subfield code="b">IIPA</subfield>
    <subfield code="d">2018-05-07</subfield>
    <subfield code="h">33; 2009</subfield>
    <subfield code="p">P27652</subfield>
    <subfield code="r">2018-05-07</subfield>
    <subfield code="w">2018-05-07</subfield>
    <subfield code="y">BV</subfield>
  </datafield>
  <datafield tag="952" ind1=" " ind2=" ">
    <subfield code="0">0</subfield>
    <subfield code="1">0</subfield>
    <subfield code="4">0</subfield>
    <subfield code="7">0</subfield>
    <subfield code="a">IIPA</subfield>
    <subfield code="b">IIPA</subfield>
    <subfield code="d">2018-05-07</subfield>
    <subfield code="h">31(1); 2008</subfield>
    <subfield code="p">P28019</subfield>
    <subfield code="r">2018-05-07</subfield>
    <subfield code="w">2018-05-07</subfield>
    <subfield code="y">BV</subfield>
  </datafield>
  <datafield tag="952" ind1=" " ind2=" ">
    <subfield code="0">0</subfield>
    <subfield code="1">0</subfield>
    <subfield code="4">0</subfield>
    <subfield code="7">0</subfield>
    <subfield code="a">IIPA</subfield>
    <subfield code="b">IIPA</subfield>
    <subfield code="d">2018-05-07</subfield>
    <subfield code="h">32(2); 2008</subfield>
    <subfield code="p">P28020</subfield>
    <subfield code="r">2018-05-07</subfield>
    <subfield code="w">2018-05-07</subfield>
    <subfield code="y">BV</subfield>
  </datafield>
  <datafield tag="952" ind1=" " ind2=" ">
    <subfield code="0">0</subfield>
    <subfield code="1">0</subfield>
    <subfield code="4">0</subfield>
    <subfield code="7">0</subfield>
    <subfield code="a">IIPA</subfield>
    <subfield code="b">IIPA</subfield>
    <subfield code="d">2018-05-07</subfield>
    <subfield code="h">33(2); 2009</subfield>
    <subfield code="p">P28021</subfield>
    <subfield code="r">2018-05-07</subfield>
    <subfield code="w">2018-05-07</subfield>
    <subfield code="y">BV</subfield>
  </datafield>
  <datafield tag="952" ind1=" " ind2=" ">
    <subfield code="0">0</subfield>
    <subfield code="1">0</subfield>
    <subfield code="4">0</subfield>
    <subfield code="7">0</subfield>
    <subfield code="a">IIPA</subfield>
    <subfield code="b">IIPA</subfield>
    <subfield code="d">2018-05-07</subfield>
    <subfield code="h">34(1); 2010</subfield>
    <subfield code="p">P28022</subfield>
    <subfield code="r">2018-05-07</subfield>
    <subfield code="w">2018-05-07</subfield>
    <subfield code="y">BV</subfield>
  </datafield>
  <datafield tag="952" ind1=" " ind2=" ">
    <subfield code="0">0</subfield>
    <subfield code="1">0</subfield>
    <subfield code="4">0</subfield>
    <subfield code="7">0</subfield>
    <subfield code="a">IIPA</subfield>
    <subfield code="b">IIPA</subfield>
    <subfield code="d">2018-05-07</subfield>
    <subfield code="h">Mar-Sep,2008</subfield>
    <subfield code="p">P28449</subfield>
    <subfield code="r">2018-05-07</subfield>
    <subfield code="w">2018-05-07</subfield>
    <subfield code="y">BV</subfield>
  </datafield>
  <datafield tag="952" ind1=" " ind2=" ">
    <subfield code="0">0</subfield>
    <subfield code="1">0</subfield>
    <subfield code="4">0</subfield>
    <subfield code="7">0</subfield>
    <subfield code="a">IIPA</subfield>
    <subfield code="b">IIPA</subfield>
    <subfield code="d">2018-05-07</subfield>
    <subfield code="h">35(1-2); 2011</subfield>
    <subfield code="p">P29140</subfield>
    <subfield code="r">2018-05-07</subfield>
    <subfield code="w">2018-05-07</subfield>
    <subfield code="y">BV</subfield>
  </datafield>
  <datafield tag="952" ind1=" " ind2=" ">
    <subfield code="0">0</subfield>
    <subfield code="1">0</subfield>
    <subfield code="4">0</subfield>
    <subfield code="7">0</subfield>
    <subfield code="a">IIPA</subfield>
    <subfield code="b">IIPA</subfield>
    <subfield code="d">2018-05-07</subfield>
    <subfield code="h">36(1-2); 2012</subfield>
    <subfield code="p">P30315</subfield>
    <subfield code="r">2018-05-07</subfield>
    <subfield code="w">2018-05-07</subfield>
    <subfield code="y">BV</subfield>
  </datafield>
</record>
